1666 1173 1251 1614 1171 1760 1210 1285 1517 1961 1856 1110 1320 1877 1397 1447 1069 1835 1066 1872 1265 1068 1421 1242 1244 1165 1822 1769 1458 1157 1814 1918 1224 1205 1200 1529 1708 1941 1951 1066 1385 1294 1507 1349 1710 1821 1110 1408 1490 1626 1689 1154 1753 1526 1278 1899 1824 1870 1256 1297 1726 1490 1855 1171 1511 1034 1953 1597 1284 1409 1716 1224 1500 1871 1313 1723 1285 1875 1111 1484 1844 1822 1708 1501 1542 1553 1216 1797 1873 1473 1835 1225 1409 1259 1145 1142 1263 1785 1382 BCNSPRNW ULIB Ver.6.0+V

เปลี่ยนเป็นภาษาไทย

Change to English
 แสดงรายละเอียดบรรณานุกรม
  กลับหน้าหลัก

Brief Record : Get Marc (ISO 2709) : E-mail record : QR code < ปิดหน้าต่าง
LEADER : 00000nam 2200000uu 4500
001    13399124322
003     ULIB
008    150316s2547||||th 000 0 tha d
099    วจ.WY152^bช617ร
100 0  ชุติกาญจน์ ฉัตรรุ่งเรือง
245 00 รายงานวิจัยเรื่อง ผลการใช้สถานการณ์จำลองที่เป็นสื่อวิดิทัศน์ในการจัดการเรียนการสอนแบบใช้ปัญหาเป็นหลัก ในวิชาการพยาบาลผู้สูงอายุ/^cชุติกาญจน์ ฉัตรรุ่งเรือง,ณิชารีย์ โรจนกีรติกานต์
260    สุพรรณบุรี :^bวิทยาลัยพยาบาลบรมราชชนนี สุพรรณบุรี,^c2547
300    76 หน้า
650  7 การจัดการเรียนการสอน^xวิจัย
650  7 ผู้สูงอายุ^xการพยาบาล^xวิจัย
700 0  เป็นหลัก ในวิชาการพยาบาลผู้สูงอายุ/^cชุติกาญจน์ ฉัตรรุ่งเรือง,
945    ^p0^l0^i016457
995    ทศพร
999 ^a ใช้งานได้ทุกระบบ
รายการนี้ยังไม่มีแท็ก
คุณยังไม่ได้ล็อกอิน คุณสามารถมีกิจกรรมร่วมกับเว็บไซต์ได้ แต่ต้องล็อกอินก่อน ::
  ล็อกอิน

รายการสื่อสารสนเทศ

ลำดับที่ ประเภท เลขเรียก/บาร์โค้ด สถานที่ สถานะ
1. งานวิจัย
งานวิจัย
วจ.WY152 ช617ร ฉ.1 
  Barcode: 016457
ห้องสมุดวิทยาเขตสวรรค์ประชารักษ์
►วิจัย
บนชั้น

รายการใกล้เคียง
    ผู้แต่ง [ชุติกาญจน์ ฉัตรรุ่งเรือง]

BibComment


ยังไม่เคยถูกคอมเมนท์

คอมเมนท์ทรัพยากรรายการนี้
  คอมเมนท์: รายงานวิจัยเรื่อง..


 Copyright 2026. Bcnsprnw @Library